00776nam a2200205 4500001000200000003000900002005001700011008003100028020001800059040002300077082002800100245014100128260004600269300002100315500007400336651006200410651003800472700003100510700002900541 DO-SdBNP20230123083000.0100720s2010 mx 000 0 spa d a9786070302084 aBNPHUbspacBPMSU  a980.02 bH673c 201022200aHistoria comparada de las Américas :bsus procesos independentistas /cRobert S. Barker ... [et al.] ; Patricia Galeana, coordinadora. aMéxcio D.F. :bSiglo XXI Editoresc2010 a781 p. ;c24 cm. aIncluye referencias bibliográficas y notas al pie de las páginas 4aAméricaxHistoriayGuerras de independencia, 1806-1830. 4aAméricaxPolítica y gobierno.1 aGaleana, Patricia, d1946-1 aBarker, Robert S,d1941-